000 00716cam a22002413a 4500
001 45187
003 PGUSA
005 20140828084032.0
008 140322s2014||||xxu|||||s|||||000 | eng d
040 _aPGUSA
_beng
042 _adc
100 1 _aManning, Anne,
_d1807-1879
245 1 4 _aThe Household of Sir Thomas More
_h[electronic resource] /
_cAnne Manning
260 _bProject Gutenberg,
_c2014
506 _aPublic domain in the USA.
516 _aElectronic text
700 1 _aJellicoe, John Rushworth Jellicoe, Earl,
_d1859-1935
700 1 _aRailton, Herbert
700 1 _aHutton, W. H.
_cRev
830 0 _aProject Gutenberg
_v45187
856 4 0 _uhttp://www.gutenberg.org/ebooks/45187
942 _cEB
999 _c274438
_d274438